000 00629nam a2200181Ia 4500
008 090124s9999 xx 000 0 und d
082 _b8249
_a1016
100 _aगडकरी राम गणेश (गोविंदाग्रज)
245 _a सं.भावबंधन
250 _a10
260 _c1954
300 _a176
600 _aगडकरी राम गणेश (गोविंदाग्रज)
630 _a सं.भावबंधन
700 _aगडकरी राम गणेश (गोविंदाग्रज)
730 _a सं.भावबंधन
942 _cBOOK
999 _c122190
_d122190